Francie: nový zákonník práce umožňuje být offline

Opatrenie vo Francúzsku - na zníženie stresovej záťaže zamestnancov: obmedzenie dostupnosti zamestnancov mimo presne stanovený čas, možnosť "odpojiť sa". Kroky nemeckej vlády.

Salvato in:
Dettagli Bibliografici
Natura: Capitolo di libro
Lingua:ceco
Soggetti:
Tags: Aggiungi Tag
Nessun Tag, puoi essere il primo ad aggiungerne!!

MARC

LEADER 00000naa a2200000 4500
001 0226668
005 20170201142723.2
041 0 |a cze 
044 |a CZ 
245 1 0 |a Francie: nový zákonník práce umožňuje být offline 
520 |a Opatrenie vo Francúzsku - na zníženie stresovej záťaže zamestnancov: obmedzenie dostupnosti zamestnancov mimo presne stanovený čas, možnosť "odpojiť sa". Kroky nemeckej vlády. 
610 2 0 |a doba pracovná 
610 2 0 |a flexibilita 
610 2 0 |a práca flexibilná 
610 2 0 |a zamestnanci 
610 2 0 |a stresy 
610 2 0 |a zákonník práce 
610 2 0 |a Francúzsko